Report on the administrationm of the road fund (Record no. 425289)

000 -LEADER
fixed length control field 00434cam a22001097a 4500
008 - FIXED-LENGTH DATA ELEMENTS--GENERAL INFORMATION
fixed length control field 180718b xxu||||| |||| 00| 0 eng d
082 ## - DEWEY DECIMAL CLASSIFICATION NUMBER
Classification number X604x42
245 ## - TITLE STATEMENT
Title Report on the administrationm of the road fund
Statement of responsibility, etc. by Ministry of Transport and Civil Aviation, United Kingdom
260 ## - PUBLICATION, DISTRIBUTION, ETC.
Place of publication, distribution, etc. London
Name of publisher, distributor, etc. Her Majesty's Stationery Office
Date of publication, distribution, etc.
500 ## - GENERAL NOTE
General note Contents : Library has 1956, 1957
700 ## - ADDED ENTRY--PERSONAL NAME
Personal name United Kingdom. Ministry of Transport and Civil Aviation
Holdings
Withdrawn status Lost status Damaged status Not for loan Permanent Location Current Location Date acquired Full call number Barcode Date last seen Price effective from Koha item type
        Indian Institute of Public Administration Indian Institute of Public Administration 2009-10-07 X604x42 6806 2018-07-21 2018-07-21 Book
        Indian Institute of Public Administration Indian Institute of Public Administration 2009-10-07 X604x42 3481 2018-07-21 2018-07-21 Book

Powered by Koha